LIBRARY & INFORMATION CENTRE, KCAET, TAVANUR

ONLINE PUBLIC ACCESS CATALOGUE (OPAC)

British History in the ninteenth century and after,1782-1919 / (Record no. 683)

MARC details
000 -LEADER
fixed length control field 00425cam a2200157ua 4500
041 ## - LANGUAGE CODE
Language code of text/sound track or separate title eng
082 ## - DEWEY DECIMAL CLASSIFICATION NUMBER
Classification number 941
Item number TRE/BR
100 ## - MAIN ENTRY--AUTHOR NAME
Personal name Travelyan, Georgemaculy .
245 ## - TITLE STATEMENT
Title British History in the ninteenth century and after,1782-1919 /
260 ## - PUBLICATION, DISTRIBUTION, ETC. (IMPRINT)
Place of publication :
Name of publisher Longmans ,
Year of publication 1964.
300 ## - PHYSICAL DESCRIPTION
Number of Pages 512 ; .
942 ## - ADDED ENTRY ELEMENTS (KOHA)
Koha item type Books
Holdings
Withdrawn status Lost status Damaged status Home library Current library Date acquired Cost, normal purchase price Full call number Accession Number Koha item type Public note
Withdrawn     KAUAET KAUAET 07/04/2012   941 12463 Books  
Withdrawn     KAUAET Malayalam University 07/04/2012 35.00 941 6592 Books Transferred to Malayalam University
free website counter